000 01358nam a2200277 4500
001 6012
010 _a9789895576753
021 _b296862/09
090 _a6012
100 _a20250924d2010 c y0pory5003 ba
200 1 _aCiclo do leite
_fCristina Quental, Mariana Magalhães
_gil. Sandra Serra
205 _a2ª ed.
210 9 _aAlfragide
_cGailivro
_d2009
215 _a[26] p.
_cmuito il.
225 2 _aOnde vamos hoje
330 _aDepois do lanche a professora Tita fez uma pergunta difícil: - O que é que as crianças devem beber todos os dias para terem ossos e dentes fortes? - Leite!... – gritaram eufóricos. E tu, sabes de onde vem o leite? Atreve-te a entrar nesta visita de estudos para conheceres melhor o ciclo do leite, desde a origem até ao teu copo… Com a turma da professora Tita, visita uma pastagem, um posto de leite e uma fábrica de lacticínios. Para terminar, diverte-te com as lengalengas, a canção e a peça de teatro que vêm no final do livro. Mu, Mu, Mu…
606 _914
_aLiteratura infantil
606 _915
_aLiteratura Portuguesa
675 _a82-93
_vBN
_zpor
675 _a821.134.3
_vBN
_zpor
700 _aQuental
_bCristina
_f1983-
_95696
701 _aMagalhães
_bMariana
_f1971-
_95697
702 _aSerra
_bSandra
_f1968-
_94049
801 0 _aPT
_bBEN2VN
_gRPC
830 _cTânia Croca
_d24/09/2025
990 _cLIVROS